Normal view MARC view

Entry Topical Term

Number of records used in: 1

001 - CONTROL NUMBER

  • control field: 26893

003 - CONTROL NUMBER IDENTIFIER

  • control field: OSt

005 - DATE AND TIME OF LATEST TRANSACTION

  • control field: 20210817104650.0

008 - FIXED-LENGTH DATA ELEMENTS

  • fixed length control field: 210817|| aca||aabn | a|a d

040 ## - CATALOGING SOURCE

  • Original cataloging agency: OSt
  • Transcribing agency: OSt

150 ## - HEADING--TOPICAL TERM

  • Topical term or geographic name entry element: Local government, Political leadership, Institutional design, Reforms

670 ## - SOURCE DATA FOUND

  • Source citation: Work cat.: (OSt): Bentzen, T.O Lo, C. Winsvold, M. 26892, Strengthening local political leadership through institutional design: How and why

Powered by Koha